000
00235as aa2200097a 44500
090
_a
SERIADAS
_b
00463
245
1
0
_a
Systematic Biology
260
_b
Society of Systematic Biologists
_a
Estados Unidos
041
0
_a
Inglés
942
_c
REVISTA
999
_c
17144
_d
17144